000 01194nam0a22002891 4500
001 rc\39574
005 20260407064107.0
035 _a(NLR Aleph) 005321897
090 _a6497443
_c6497443
100 _a20021216d1991 |||y0rusy50 ca
101 0 _arus
102 _aRU
105 _ay |||||||||
200 1 _aАлгоритм решения уравнений Фаддеева для системы трех тождественных бесспиновых частиц
_fВ.Б. Беляев, О.И. Картавцев, В.И. Кочкин
210 _aДубна
_cОИЯИ
_d1991
215 _a8 с.
_d22
225 1 _aПрепринт
_fОбъед. ин-т ядер. исслед.
_vР4-91-254
320 _aБиблиогр.: с. 7-8 (14 назв.)
700 1 _8rus
_7ca
_aБеляев
_bВ. Б.
_cд-р физ.-мат. наук, ядерная физика
_f1933-2015
_gВладимир Борисович
_3RU\NLR\AUTH\7714250
_9123923
701 1 _aКартавцев
_bО.И.
701 1 _aКочкин
_bВ.И.
_gВладимир Иванович
801 0 _aRU
_bNLR
_gpsbo
801 1 _aRU
_bELAR
_2rusmarc
852 _aNLR
_j91-6/2257
942 _cBOOK
980 _aNB